Geografía en el Mapa Mundial por Letra - F - Estadísticas

Estadísticas generales
  • Esta prueba ha sido intentada 3.130 veces
  • La puntuación promedio es 10 de 20
Respuestas en el mapa
Las respuestas están codificadas por una escala verde-roja en el mapa de la prueba según el % correcto abajo.
 
Estadísticas de respuestas
Respuesta % Correcto
Francia
99%
Finlandia
98%
Filipinas
91%
Florida
88%
Fiyi
84%
Florencia
77%
Islas {Feroe}
67%
Fuji
66%
Fuerteventura
60%
Fez
48%
Flandes
45%
Freetown
40%
Fortaleza
38%
Fukuoka
28%
Fairbanks
19%
Formosa
19%
Bahía de {Fundy}
11%
Fujian
10%
Río {Fraser}
6%
Fansipan
4%
No se encontraron pruebas coincidentes
Distribución de puntuación
Porcentaje de gente con cada puntuación
Porcentaje por número respondido
Historial de tus puntuaciones
No has intentado esta prueba.